000 00933nam a22002651u 4500
001 06089
003 HDC
007 cr bn ---
008 210122p xx fo d 00 engg
040 _aHDC
100 _aAbdul Malik Kassim
_96388
245 0 _aInternational Conference & Expo on Halal Industry :
_bThe Global Market Potential of Halal /
_cby Abdul Malik Kassim
260 _a[No place] :
_b[publisher not identified],
_c2010
300 _a43 pages :
_bIllustrations
336 _atext
_2rdacontent
337 _acomputer
_2rdamedia
338 _aonline resource
_2rdacarrier
650 _aGlobal market
_94946
650 _aHalal industry
_9144
650 _aHalal products
_9642
856 _zRequest full-text at [email protected]
942 _2lcc
942 _cSLIDE
942 _kSLID 000688
999 _c3413
_d3413